Penicillin-resistant gonorrhea : January 1977 through December 1979, 622 citations /

Bibliographic Details
Main Author: Marcetich, James
Corporate Author: National Library of Medicine (U.S.)
Format: Government Document Book
Language:English
Published: Bethesda, Md. : Dept. of Health, Education, and Welfare, Public Health Service, National Institutes of Health, National Library of Medicine, 1980.
Series:Literature search ; no. 79-15
Subjects:

MARC

Tag First Indicator Second Indicator Subfields
LEADER 00000cam a2200000 i 4500
001 in00000817021
005 20151017111549.0
008 800211s1980 mdu b f00010 eng d
010 |a gp 80008376  
020 |c pbk. 
035 |a (OCoLC)05974615 
035 |9 ADU2645AM 
037 |b 20014 
040 |c GPO  |d UtOrBLW 
074 |a 508-H-1 
086 0 |a HE 20.3614/2:79-15 
100 1 |a Marcetich, James. 
245 1 0 |a Penicillin-resistant gonorrhea :  |b January 1977 through December 1979, 622 citations /  |c prepared by James Marcetich. 
264 1 |a Bethesda, Md. :  |b Dept. of Health, Education, and Welfare, Public Health Service, National Institutes of Health, National Library of Medicine,  |c 1980. 
300 |a 9 pages ;  |c 27 cm. 
336 |a text  |b txt  |2 rdacontent 
337 |a unmediated  |b n  |2 rdamedia 
338 |a volume  |b nc  |2 rdacarrier 
490 1 |a Literature search ; no. 79-15 
650 0 |a Gonorrhea  |x Bibliography. 
710 2 |a National Library of Medicine (U.S.) 
810 1 |a United States.  |b National Library of Medicine.  |t Literature search ;  |v no. 79-15. 
999 |a MARS 
999 f f |s 1818ec47-33a4-35ef-95b9-869fa55f4176  |i 91e273be-8706-3581-9e3b-262ff17800ff  |t 0 
952 f f |p normal  |a Texas A&M University  |b College Station  |c Sterling C. Evans Library  |d Evans: US Documents (Annex 5th floor)  |t 0  |e HE 20.3614/2:79-15  |h Superintendent of Documents classification  |i unmediated -- volume  |m A14815247101 
998 f f |a HE 20.3614/2:79-15  |t 0  |l Evans: US Documents (Annex 5th floor)